| 000 | 00775nac a22002051u 4500 | ||
|---|---|---|---|
| 010 | _a 79007783 | ||
| 020 | _a0385135947 : | ||
| 082 | 0 | 0 |
_a282.0922 _bDEL |
| 090 |
_c9495 _d9495 |
||
| 100 | _aDelaney, John J. | ||
| 245 | 1 | 0 |
_aDictionary of saints / _cby John J. Delaney. |
| 260 |
_aGarden City, N.Y. : _bDoubleday,1980. _c1980. |
||
| 300 |
_a647 p. ; _c24 cm. |
||
| 500 | _aDistributer: Al-Ahram | ||
| 511 | _aCatalogued by: Sara | ||
| 650 | 0 |
_aChristian saints _xBiography _xDictionaries. |
|
| 856 | 4 | 2 |
_3Contributor biographical information _uhttp://www.loc.gov/catdir/bios/random051/79007783.html |
| 856 | 4 | 2 |
_3Publisher description _uhttp://www.loc.gov/catdir/description/random0415/79007783.html |
| 942 |
_cNB _k282.0922DEL |
||
| 999 |
_c9495 _d9495 |
||